Statistics for Top 15 Countries with Covid-19 Deaths - 26 July

Click here to take the quiz!

General Stats

  • This quiz has been taken 16 times
  • The average score is 16 of 20

Answer Stats

country% Correct
Brazil
100%
France
100%
Germany
100%
Italy
100%
Russia
100%
United States
100%
India
94%
Mexico
94%
Spain
94%
United Kingdom
94%
Canada
88%
Iran
88%
Peru
75%
Belgium
69%
Chile
69%
Sweden
69%
Ecuador
63%
Netherlands
63%
Ireland
56%
Panama
31%

Score Distribution

Percentile by Number Answered

Percent of People with Each Score

Your Score History

You have not taken this quiz